| 000 | 00711 a2200217 4500 | ||
|---|---|---|---|
| 999 |
_c26603 _d26603 |
||
| 008 | 230621b ||||| |||| 00| 0 eng d | ||
| 020 |
_a9789354640285 _cRs849.00 |
||
| 041 | 0 | _aeng | |
| 082 | 0 | 0 |
_a338.5 _bS1938 |
| 100 |
_95495 _aSamuelson, William F. |
||
| 245 |
_aManagerial Economics / _cWilliam F. Samuelson, Stephen G. Marks, and Jay L. Zagorsky ; adapted by Sujata Kar |
||
| 250 | _a9th ed. | ||
| 260 |
_aNew Delhi: _bWiley india pvt. ltd., _c2022. |
||
| 300 |
_axxiv, 528 p. : _bill. ; _c26 cm |
||
| 500 | _aAn indian adaption | ||
| 650 | 0 | _aManagerial Economics | |
| 700 |
_95496 _aMarks, Stephen G. |
||
| 700 |
_95497 _aZagorsky, Jay L. |
||
| 700 |
_95498 _aKar, Sujata _eadaptor |
||
| 942 |
_2ddc _cBK |
||